Вихретоковый дефектоскоп ВД-12НФП и методы обработки измеренного сигнала от дефекта; Дефектоскопия; № 5

Bibliografiske detaljer
Parent link:Дефектоскопия.— , 1965-.— 0130-3082
№ 5.— 2004.— С. 85-91
Andre forfattere: Бизюлев А. Н., Мужицкий В. Ф., Загидулин Р. В., Ефимов А. Г., Сысоев А. М.
Sprog:russisk
Udgivet: 2004
Serier:Вихретоковые методы
Fag:
Format: Book Chapter
KOHA link:https://koha.lib.tpu.ru/cgi-bin/koha/opac-detail.pl?biblionumber=428624

MARC

LEADER 00000naa2a2200000 4500
001 428624
005 20231101074843.0
035 |a (RuTPU)RU\TPU\prd\88226 
035 |a RU\TPU\prd\29785 
090 |a 428624 
100 |a 20101015a2004 k y0rusy50 ca 
101 0 |a rus 
102 |a RU 
200 1 |a Вихретоковый дефектоскоп ВД-12НФП и методы обработки измеренного сигнала от дефекта  |f А. Н. Бизюлев [и др.] 
225 1 |a Вихретоковые методы 
320 |a Библиогр.: 6 назв. 
461 1 |0 (RuTPU)RU\TPU\prd\151  |x 0130-3082  |t Дефектоскопия  |d 1965- 
463 1 |0 (RuTPU)RU\TPU\prd\88216  |t № 5  |v С. 85-91  |d 2004 
610 1 |a вихретоковые дефектоскопы 
610 1 |a измеренные сигналы 
610 1 |a цифровая обработка 
610 1 |a применение 
610 1 |a технические характеристики 
610 1 |a помехи 
675 |a 620.179.14  |v 3 
701 1 |a Бизюлев  |b А. Н. 
701 1 |a Мужицкий  |b В. Ф. 
701 1 |a Загидулин  |b Р. В. 
701 1 |a Ефимов  |b А. Г. 
701 1 |a Сысоев  |b А. М. 
801 1 |a RU  |b 63413507  |c 20041111  |g PSBO 
801 2 |a RU  |b 63413507  |c 20131221  |g RCR 
942 |c BK